US-Bundesstaaten-Quiz in alphabetischer Reihenfolge - Statistiken

Allgemein
  • Dieses Quiz wurde 224 mal gespielt
  • Das Durchschnittsergebnis liegt bei 20 aus 50
Antwortstatistiken
Erste Buchstabe Bundesstaat % Korrekt
A Alabama
93%
A Alaska
85%
A Arkansas
77%
A Arizona
73%
D Delaware
66%
F Florida
65%
K Kalifornien
60%
H Hawaii
51%
I Indiana
50%
L Louisiana
50%
I Illinois
49%
I Idaho
47%
I Iowa
47%
M Maine
46%
K Kansas
45%
K Kentucky
43%
O Ohio
41%
U Utah
39%
M Maryland
38%
O Oregon
38%
P Pennsylvania
38%
W Washington
37%
V Vermont
36%
N Nebraska
34%
S South Carolina
34%
S South Dakota
34%
V Virginia
34%
N New York
33%
R Rhode Island
33%
N Nevada
32%
N New Hampshire
32%
T Tennessee
32%
T Texas
31%
M Massachusetts
30%
M Michigan
30%
N New Mexico
30%
N North Carolina
30%
O Oklahoma
30%
M Montana
29%
N New Jersey
29%
N North Dakota
29%
W Wyoming
29%
C Connecticut
28%
C Colorado
27%
M Mississippi
26%
M Missouri
26%
M Minnesota
25%
W West Virginia
25%
W Wisconsin
24%
G Georgien
12%
Keine übereinstimmenden Quizze gefunden
Verteilung der Resultate
Anzahl Personen mit jedem Resultat
Perzentil nach korrekt beantworteten Fragen
Ihre Resultats-Entwicklung
Sie haben dieses Quiz noch nicht gespielt